[Event "GER-ch Blitz 2019"]
[Site "Magdeburg"]
[Date "2019.05.25"]
[Round "20.1"]
[White "Hebbinghaus, Holger"]
[Black "Gustafsson, Jan"]
[Result "1/2-1/2"]
[WhiteElo "2310"]
[BlackElo "2639"]
[Annotator "ChessBase"]
[PlyCount "110"]
[EventDate "2019.05.25"]
[EventType "tourn"]
[EventCountry "GER"]
[Tiebreak "Number of wins+Number of black wins"]
[SourceTitle "playchess.com"]
[Source "ChessBase"]
[SourceQuality "1"]
[TimeControl "180+2"]

1. e4 {[%emt 0:00:00]} c6 {[%emt 0:00:00]} 2. d4 {[%emt 0:00:01]} d5 {[%emt 0:
00:00]} 3. exd5 {[%emt 0:00:01]} cxd5 {[%emt 0:00:01]} 4. Bf4 {[%emt 0:00:01]}
Nc6 {[%emt 0:00:04]} 5. c3 {[%emt 0:00:01]} Nf6 {[%emt 0:00:05]} 6. Nd2 {
[%emt 0:00:02]} g6 {[%emt 0:00:12]} 7. Be2 {[%emt 0:00:04]} Bg7 {[%emt 0:00:04]
} 8. h3 {[%emt 0:00:01]} O-O {[%emt 0:00:04]} 9. Ngf3 {[%emt 0:00:01]} Bf5 {
[%emt 0:00:08]} 10. O-O {[%emt 0:00:02]} Rc8 {[%emt 0:00:01]} 11. Re1 {[%emt 0:
00:07]} Ne4 {[%emt 0:00:04]} 12. Bf1 {[%emt 0:00:24]} Re8 {[%emt 0:00:07]} 13.
Nxe4 {[%emt 0:00:16]} Bxe4 14. Nd2 Bf5 {[%emt 0:00:06]} 15. Nb3 {[%emt 0:00:14]
} Qb6 {[%emt 0:00:02]} 16. Qd2 {[%emt 0:00:10]} Na5 {[%emt 0:00:18]} 17. Nxa5 {
[%emt 0:00:27]} Qxa5 {[%emt 0:00:01]} 18. Be5 {[%emt 0:00:23]} f6 {[%emt 0:00:
04]} 19. Bf4 {[%emt 0:00:02]} e5 {[%emt 0:00:05]} 20. dxe5 {[%emt 0:00:07]}
fxe5 {[%emt 0:00:01]} 21. Bg5 {[%emt 0:00:23]} d4 {[%emt 0:00:04]} 22. cxd4 {
[%emt 0:00:06]} Qxd2 {[%emt 0:00:03]} 23. Bxd2 {[%emt 0:00:01]} exd4 {[%emt 0:
00:09]} 24. Rxe8+ {[%emt 0:00:13]} Rxe8 {[%emt 0:00:01]} 25. Bc4+ {[%emt 0:00:
02]} Kh8 {[%emt 0:00:06]} 26. Bb5 {[%emt 0:00:20]} Re5 {[%emt 0:00:09]} 27. a4
{[%emt 0:00:05]} h5 {[%emt 0:00:25]} 28. Kf1 {[%emt 0:00:02]} d3 {[%emt 0:00:
08]} 29. Bc3 {[%emt 0:00:09]} Re2 {[%emt 0:00:03]} 30. Rd1 {[%emt 0:00:09]}
Bxc3 {[%emt 0:00:07]} 31. bxc3 {[%emt 0:00:01]} Ra2 {[%emt 0:00:02]} 32. Bxd3 {
[%emt 0:00:04]} Bxd3+ {[%emt 0:00:15]} 33. Rxd3 {[%emt 0:00:00]} Rxa4 {[%emt 0:
00:05]} 34. Rd8+ {[%emt 0:00:01]} Kg7 {[%emt 0:00:01]} 35. Rd7+ {[%emt 0:00:00]
} Kf6 {[%emt 0:00:01]} 36. Rxb7 {[%emt 0:00:01]} a5 {[%emt 0:00:06]} 37. Ke2 {
[%emt 0:00:02]} Ra2+ {[%emt 0:00:09]} 38. Ke3 {[%emt 0:00:01]} a4 {[%emt 0:00:
01]} 39. Ra7 {[%emt 0:00:03]} h4 {[%emt 0:00:04]} 40. Ra5 {[%emt 0:00:02]} a3 {
[%emt 0:00:03]} 41. g3 {[%emt 0:00:01]} hxg3 {[%emt 0:00:08]} 42. fxg3 {
[%emt 0:00:02]} Ra1 {[%emt 0:00:03]} 43. Kf3 {[%emt 0:00:01]} a2 {[%emt 0:00:
07]} 44. Kg2 {[%emt 0:00:01]} Kg7 {[%emt 0:00:01]} 45. h4 {[%emt 0:00:02]} Kf6
{[%emt 0:00:01]} 46. g4 {[%emt 0:00:02]} Kf7 {[%emt 0:00:02]} 47. Ra6 {[%emt 0:
00:00]} Kg7 {[%emt 0:00:01]} 48. h5 {[%emt 0:00:02]} gxh5 {[%emt 0:00:01]} 49.
gxh5 {[%emt 0:00:01]} Kh7 {[%emt 0:00:01]} 50. c4 {[%emt 0:00:02]} Rc1 {
[%emt 0:00:02]} 51. Rxa2 {[%emt 0:00:01]} Rxc4 {[%emt 0:00:02]} 52. Ra6 {
[%emt 0:00:03]} Rc5 {[%emt 0:00:01]} 53. h6 {[%emt 0:00:01]} Rh5 {[%emt 0:00:
01]} 54. Kg3 {[%emt 0:00:01]} Rxh6 {[%emt 0:00:02]} 55. Rxh6+ {[%emt 0:00:01]}
Kxh6 1/2-1/2

[Event "GER-ch Blitz 2019"]
[Site "Magdeburg"]
[Date "2019.05.25"]
[Round "20.2"]
[White "Krause, Benedict"]
[Black "Barzen, Pascal"]
[Result "1-0"]
[WhiteElo "2434"]
[BlackElo "2292"]
[Annotator "NA"]
[PlyCount "107"]
[EventDate "2019.05.25"]
[EventType "tourn"]
[EventCountry "GER"]
[Tiebreak "Number of wins+Number of black wins"]
[SourceTitle "playchess.com"]
[Source "ChessBase"]
[SourceQuality "1"]
[TimeControl "180+2"]

1. e4 {[%emt 0:00:00]} c6 {[%emt 0:00:00]} 2. d4 {[%emt 0:00:01]} d5 {[%emt 0:
00:00]} 3. Nd2 {[%emt 0:00:01]} dxe4 {[%emt 0:00:00]} 4. Nxe4 {[%emt 0:00:01]}
Nd7 {[%emt 0:00:00]} 5. Ng5 {[%emt 0:00:02]} Ngf6 {[%emt 0:00:01]} 6. Bd3 {
[%emt 0:00:27]} e6 {[%emt 0:00:02]} 7. N1f3 {[%emt 0:00:04]} Bd6 {[%emt 0:00:
00]} 8. Qe2 {[%emt 0:00:03]} h6 {[%emt 0:00:01]} 9. Ne4 {[%emt 0:00:01]} Nxe4 {
[%emt 0:00:01]} 10. Qxe4 {[%emt 0:00:01]} Qc7 {[%emt 0:00:02]} 11. Bd2 {
[%emt 0:00:05]} b6 {[%emt 0:00:00]} 12. O-O-O {[%emt 0:00:05]} Bb7 {[%emt 0:00:
01]} 13. Qe2 {[%emt 0:00:03]} O-O-O {[%emt 0:00:05]} 14. Kb1 {[%emt 0:00:12]}
Kb8 {[%emt 0:00:02]} 15. Rhe1 {[%emt 0:00:08]} c5 {[%emt 0:00:00]} 16. Be4 {
[%emt 0:00:01]} Nf6 {[%emt 0:00:09]} 17. Bxb7 {[%emt 0:00:02]} Qxb7 {[%emt 0:
00:01]} 18. dxc5 {[%emt 0:00:06]} Bxc5 {[%emt 0:00:04]} 19. Bf4+ {[%emt 0:00:
08]} Ka8 {[%emt 0:00:03]} 20. Ne5 {[%emt 0:00:11]} Rd5 {[%emt 0:00:18]} 21.
Rxd5 {[%emt 0:00:11]} Nxd5 {[%emt 0:00:01]} 22. Bg3 {[%emt 0:00:01]} Rc8 {
[%emt 0:00:13]} 23. Rd1 {[%emt 0:00:18]} f6 {[%emt 0:00:16]} 24. Nd3 {[%emt 0:
00:02]} e5 {[%emt 0:00:04]} 25. Nxc5 {[%emt 0:00:12]} Rxc5 {[%emt 0:00:04]} 26.
f3 {[%emt 0:00:11]} Rc8 {[%emt 0:00:33]} 27. Qe4 {[%emt 0:00:16]} Ne7 {[%emt 0:
00:34]} 28. Rd7 {[%emt 0:00:08]} Qxe4 {[%emt 0:00:01]} 29. fxe4 {[%emt 0:00:01]
} Re8 {[%emt 0:00:21]} 30. Be1 {[%emt 0:00:05]} a5 {[%emt 0:00:06]} 31. Bf2 {
[%emt 0:00:03]} f5 {[%emt 0:00:20]} 32. Bxb6 {[%emt 0:00:15]} fxe4 {[%emt 0:00:
04]} 33. Kc1 {[%emt 0:00:03]} Nf5 {[%emt 0:00:01]} 34. Kd2 {[%emt 0:00:07]} Re6
{[%emt 0:00:05]} 35. Bxa5 {[%emt 0:00:04]} Rg6 {[%emt 0:00:13]} 36. g3 {
[%emt 0:00:01]} h5 {[%emt 0:00:01]} 37. Bc3 {[%emt 0:00:03]} h4 {[%emt 0:00:05]
} 38. Bxe5 {[%emt 0:00:01]} hxg3 {[%emt 0:00:01]} 39. hxg3 {[%emt 0:00:01]} Rh6
{[%emt 0:00:02]} 40. g4 {[%emt 0:00:06]} Nh4 {[%emt 0:00:04]} 41. Ke3 {[%emt 0:
00:05]} Re6 {[%emt 0:00:05]} 42. Kxe4 {[%emt 0:00:06]} Rc6 {[%emt 0:00:15]} 43.
Bc3 {[%emt 0:00:03]} Rc4+ 44. Kd5 {[%emt 0:00:02]} Rxg4 {[%emt 0:00:02]} 45.
Rxg7 {[%emt 0:00:01]} Rf4 {[%emt 0:00:01]} 46. Re7 {[%emt 0:00:05]} Nf5 {
[%emt 0:00:02]} 47. Re4 {[%emt 0:00:02]} Rf2 {[%emt 0:00:01]} 48. a4 {[%emt 0:
00:04]} Rxc2 {[%emt 0:00:02]} 49. a5 {[%emt 0:00:00]} Kb7 {[%emt 0:00:01]} 50.
Kc5 {[%emt 0:00:04]} Rc1 {[%emt 0:00:02]} 51. Re5 {[%emt 0:00:02]} Ng3 {
[%emt 0:00:06]} 52. Kb5 {[%emt 0:00:02]} Ra1 {[%emt 0:00:01]} 53. a6+ {[%emt 0:
00:03]} Ka8 {[%emt 0:00:02]} 54. Kb6 {[%emt 0:00:02]} 1-0

[Event "GER-ch Blitz 2019"]
[Site "Magdeburg"]
[Date "2019.05.25"]
[Round "20.3"]
[White "Heistermann, Till"]
[Black "Schneider, Ilja"]
[Result "0-1"]
[WhiteElo "2181"]
[BlackElo "2494"]
[Annotator "ChessBase"]
[PlyCount "79"]
[EventDate "2019.05.25"]
[EventType "tourn"]
[EventCountry "GER"]
[Tiebreak "Number of wins+Number of black wins"]
[SourceTitle "playchess.com"]
[Source "ChessBase"]
[SourceQuality "1"]
[TimeControl "180+2"]

1. c4 {[%emt 0:00:00]} c6 {[%emt 0:00:00]} 2. Nf3 {[%emt 0:00:00]} Nf6 {
[%emt 0:00:01]} 3. e3 {[%emt 0:00:02]} d5 {[%emt 0:00:00]} 4. Nc3 {[%emt 0:00:
04]} a6 {[%emt 0:00:04]} 5. b3 {[%emt 0:00:05]} Bg4 {[%emt 0:00:04]} 6. Be2 {
[%emt 0:00:05]} e6 {[%emt 0:00:04]} 7. O-O {[%emt 0:00:03]} Bd6 {[%emt 0:00:01]
} 8. d4 {[%emt 0:00:02]} O-O {[%emt 0:00:06]} 9. Bb2 {[%emt 0:00:00]} Nbd7 {
[%emt 0:00:03]} 10. h3 {[%emt 0:00:04]} Bh5 {[%emt 0:00:01]} 11. Qc2 {[%emt 0:
00:04]} Qe7 {[%emt 0:00:11]} 12. e4 {[%emt 0:00:09]} Bg6 {[%emt 0:00:06]} 13.
Bd3 {[%emt 0:00:01]} dxc4 {[%emt 0:00:09]} 14. bxc4 {[%emt 0:00:05]} e5 {
[%emt 0:00:01]} 15. d5 {[%emt 0:00:04]} Nc5 {[%emt 0:00:07]} 16. Rfe1 {[%emt 0:
00:09]} Rfd8 {[%emt 0:00:06]} 17. Nh4 {[%emt 0:00:25]} Rac8 {[%emt 0:00:05]}
18. Qe2 {[%emt 0:00:18]} cxd5 {[%emt 0:00:47]} 19. cxd5 {[%emt 0:00:02]} b5 {
[%emt 0:00:07]} 20. Nxg6 {[%emt 0:00:13]} hxg6 {[%emt 0:00:01]} 21. Bc2 {
[%emt 0:00:04]} Nfd7 {[%emt 0:00:06]} 22. Nd1 {[%emt 0:00:11]} Nb6 {[%emt 0:00:
01]} 23. Bb3 {[%emt 0:00:04]} Nca4 {[%emt 0:00:06]} 24. Bxa4 {[%emt 0:00:06]}
Nxa4 {[%emt 0:00:00]} 25. Ne3 {[%emt 0:00:07]} Bc5 {[%emt 0:00:12]} 26. Rab1 {
[%emt 0:00:19]} Bd4 {[%emt 0:00:16]} 27. Bxd4 {[%emt 0:00:06]} exd4 {[%emt 0:
00:01]} 28. Nd1 {[%emt 0:00:01]} Nc3 {[%emt 0:00:16]} 29. Nxc3 {[%emt 0:00:01]}
dxc3 {[%emt 0:00:01]} 30. Qc2 {[%emt 0:00:01]} Qc5 {[%emt 0:00:05]} 31. Re3 {
[%emt 0:00:18]} b4 {[%emt 0:00:01]} 32. Rd3 {[%emt 0:00:08]} a5 {[%emt 0:00:07]
} 33. Rbd1 {[%emt 0:00:02]} Qc4 {[%emt 0:00:08]} 34. e5 {[%emt 0:00:04]} a4 {
[%emt 0:00:01]} 35. Rd4 {[%emt 0:00:07]} b3 {[%emt 0:00:02]} 36. axb3 {[%emt 0:
00:08]} axb3 {[%emt 0:00:01]} 37. Qe4 {[%emt 0:00:04]} c2 {[%emt 0:00:06]} 38.
Re1 {[%emt 0:00:04]} c1=Q {[%emt 0:00:11]} 39. Rxc4 {[%emt 0:00:01]} Qxc4 {
[%emt 0:00:02]} 40. e6 0-1

[Event "GER-ch Blitz 2019"]
[Site "Magdeburg"]
[Date "2019.05.25"]
[Round "20.4"]
[White "Carow, Johannes"]
[Black "Braeuning, Rudolf Wilhelm"]
[Result "1/2-1/2"]
[WhiteElo "2445"]
[BlackElo "2285"]
[Annotator "NA"]
[PlyCount "86"]
[EventDate "2019.05.25"]
[EventType "tourn"]
[EventCountry "GER"]
[Tiebreak "Number of wins+Number of black wins"]
[SourceTitle "playchess.com"]
[Source "ChessBase"]
[SourceQuality "1"]
[TimeControl "180+2"]

1. d4 {[%emt 0:00:00]} Nf6 {[%emt 0:00:00]} 2. c4 {[%emt 0:00:01]} Nc6 {
[%emt 0:00:01]} 3. Nf3 {[%emt 0:00:04]} e6 {[%emt 0:00:01]} 4. Nc3 {[%emt 0:00:
02]} Bb4 {[%emt 0:00:01]} 5. Qc2 {[%emt 0:00:01]} d5 {[%emt 0:00:01]} 6. Bg5 {
[%emt 0:00:11]} h6 {[%emt 0:00:04]} 7. Bh4 {[%emt 0:00:03]} g5 {[%emt 0:00:04]}
8. Bg3 {[%emt 0:00:02]} g4 {[%emt 0:00:01]} 9. Ne5 {[%emt 0:00:23]} Nxd4 {
[%emt 0:00:03]} 10. Qd1 {[%emt 0:00:06]} Bxc3+ {[%emt 0:00:17]} 11. bxc3 {
[%emt 0:00:02]} Nf5 {[%emt 0:00:02]} 12. e3 {[%emt 0:00:10]} h5 {[%emt 0:00:24]
} 13. Bf4 {[%emt 0:00:11]} Ne4 {[%emt 0:00:11]} 14. Qa4+ {[%emt 0:00:39]} Bd7 {
[%emt 0:00:12]} 15. Qb3 {[%emt 0:00:09]} Nc5 {[%emt 0:00:31]} 16. Qa3 {[%emt 0:
00:09]} b6 {[%emt 0:00:05]} 17. Rd1 {[%emt 0:00:09]} c6 {[%emt 0:00:16]} 18.
cxd5 {[%emt 0:00:06]} exd5 {[%emt 0:00:16]} 19. c4 {[%emt 0:00:01]} O-O {
[%emt 0:00:27]} 20. cxd5 {[%emt 0:00:10]} cxd5 {[%emt 0:00:01]} 21. Rxd5 {
[%emt 0:00:06]} Qf6 {[%emt 0:00:19]} 22. Nxd7 {[%emt 0:00:26]} Nxd7 {[%emt 0:
00:01]} 23. Qd3 {[%emt 0:00:24]} Qa1+ {[%emt 0:00:11]} 24. Qd1 {[%emt 0:00:01]}
Qc3+ {[%emt 0:00:06]} 25. Qd2 {[%emt 0:00:01]} Qa1+ {[%emt 0:00:01]} 26. Ke2 {
[%emt 0:00:01]} Nf6 {[%emt 0:00:08]} 27. Rxf5 {[%emt 0:00:07]} Rfd8 {[%emt 0:
00:03]} 28. Bd6 {[%emt 0:00:07]} Ne4 {[%emt 0:00:02]} 29. Qd4 {[%emt 0:00:02]}
Qxd4 {[%emt 0:00:02]} 30. exd4 {[%emt 0:00:00]} Rxd6 {[%emt 0:00:01]} 31. Ke3 {
[%emt 0:00:02]} Nf6 {[%emt 0:00:02]} 32. Bc4 {[%emt 0:00:01]} Re8+ {[%emt 0:00:
00]} 33. Kd3 {[%emt 0:00:01]} Red8 {[%emt 0:00:01]} 34. Kc2 {[%emt 0:00:02]}
Ne4 {[%emt 0:00:02]} 35. Rxf7 {[%emt 0:00:02]} Kh8 {[%emt 0:00:01]} 36. Rd1 {
[%emt 0:00:02]} Rxd4 {[%emt 0:00:02]} 37. Rxd4 {[%emt 0:00:01]} Rxd4 {[%emt 0:
00:01]} 38. Bd3 {[%emt 0:00:03]} Nc5 {[%emt 0:00:01]} 39. Bg6 {[%emt 0:00:01]}
a5 {[%emt 0:00:06]} 40. Bxh5 {[%emt 0:00:03]} Ra4 {[%emt 0:00:03]} 41. Rf6 {
[%emt 0:00:05]} Rxa2+ {[%emt 0:00:02]} 42. Kb1 {[%emt 0:00:01]} Rd2 {[%emt 0:
00:04]} 43. Bxg4 {[%emt 0:00:01]} Ra2 {[%emt 0:00:02]} 1/2-1/2

[Event "GER-ch Blitz 2019"]
[Site "Magdeburg"]
[Date "2019.05.25"]
[Round "20.5"]
[White "Voege, Tobias"]
[Black "Schulz, Karsten"]
[Result "1-0"]
[WhiteElo "2294"]
[BlackElo "2227"]
[Annotator "NA"]
[PlyCount "111"]
[EventDate "2019.05.25"]
[EventType "tourn"]
[EventCountry "GER"]
[Tiebreak "Number of wins+Number of black wins"]
[SourceTitle "playchess.com"]
[Source "ChessBase"]
[SourceQuality "1"]
[TimeControl "180+2"]

1. d4 {[%emt 0:00:00]} Nf6 {[%emt 0:00:00]} 2. c4 {[%emt 0:00:00]} g6 {[%emt 0:
00:00]} 3. Nc3 {[%emt 0:00:00]} Bg7 {[%emt 0:00:01]} 4. Nf3 {[%emt 0:00:01]}
O-O {[%emt 0:00:03]} 5. Bg5 {[%emt 0:00:01]} c5 {[%emt 0:00:03]} 6. d5 {
[%emt 0:00:01]} d6 {[%emt 0:00:02]} 7. e4 {[%emt 0:00:05]} b5 {[%emt 0:00:05]}
8. cxb5 {[%emt 0:00:01]} a6 {[%emt 0:00:00]} 9. bxa6 {[%emt 0:00:03]} Qa5 {
[%emt 0:00:02]} 10. Nd2 {[%emt 0:00:06]} Bxa6 {[%emt 0:00:06]} 11. Be2 {
[%emt 0:00:11]} Nbd7 {[%emt 0:00:10]} 12. O-O {[%emt 0:00:04]} Rfb8 {[%emt 0:
00:01]} 13. Rb1 {[%emt 0:00:09]} Ne5 {[%emt 0:00:14]} 14. f4 {[%emt 0:00:18]}
Ned7 {[%emt 0:00:16]} 15. Bxa6 {[%emt 0:00:17]} Qxa6 {[%emt 0:00:03]} 16. b3 {
[%emt 0:00:18]} Qd3 {[%emt 0:00:14]} 17. Rf3 {[%emt 0:00:11]} Qd4+ {[%emt 0:00:
11]} 18. Kh1 {[%emt 0:00:01]} Qb4 {[%emt 0:00:15]} 19. Nc4 {[%emt 0:00:19]} h6
{[%emt 0:00:09]} 20. Bh4 {[%emt 0:00:03]} Qb7 {[%emt 0:00:41]} 21. h3 {[%emt 0:
00:16]} Nb6 {[%emt 0:00:15]} 22. Nxb6 {[%emt 0:00:22]} Qxb6 {[%emt 0:00:01]}
23. a4 {[%emt 0:00:14]} Qb4 {[%emt 0:00:09]} 24. Qc2 {[%emt 0:00:12]} c4 {
[%emt 0:00:06]} 25. bxc4 {[%emt 0:00:14]} Qxc4 {[%emt 0:00:01]} 26. Rxb8+ {
[%emt 0:00:05]} Rxb8 {[%emt 0:00:03]} 27. Kh2 {[%emt 0:00:14]} Rb3 {[%emt 0:00:
04]} 28. Be1 {[%emt 0:00:01]} Rb8 {[%emt 0:00:19]} 29. Qd2 {[%emt 0:00:02]} Rc8
{[%emt 0:00:03]} 30. e5 {[%emt 0:00:03]} Nh5 {[%emt 0:00:02]} 31. Nb5 {[%emt 0:
00:02]} Qxa4 {[%emt 0:00:11]} 32. Nd4 {[%emt 0:00:01]} dxe5 {[%emt 0:00:03]}
33. Nc6 {[%emt 0:00:01]} exf4 {[%emt 0:00:08]} 34. Nxe7+ {[%emt 0:00:01]} Kh7 {
[%emt 0:00:01]} 35. Nxc8 {[%emt 0:00:02]} Qd7 {[%emt 0:00:00]} 36. Nb6 {
[%emt 0:00:02]} Qd6 {[%emt 0:00:01]} 37. Bf2 {[%emt 0:00:01]} Ng3 {[%emt 0:00:
03]} 38. Nc4 {[%emt 0:00:03]} Qd8 {[%emt 0:00:04]} 39. Qxf4 {[%emt 0:00:02]}
Nf5 {[%emt 0:00:01]} 40. g4 {[%emt 0:00:01]} Nh4 41. Bxh4 {[%emt 0:00:02]} Qxh4
{[%emt 0:00:07]} 42. Qxf7 {[%emt 0:00:02]} Qe1 {[%emt 0:00:01]} 43. Nd6 {
[%emt 0:00:02]} Qe5+ {[%emt 0:00:01]} 44. Qf4 {[%emt 0:00:01]} Qe2+ {[%emt 0:
00:01]} 45. Rf2 {[%emt 0:00:01]} Qe7 {[%emt 0:00:01]} 46. Nc4 {[%emt 0:00:01]}
Qc5 {[%emt 0:00:01]} 47. d6 {[%emt 0:00:02]} Qc6 {[%emt 0:00:03]} 48. Kg1 {
[%emt 0:00:02]} Qa4 {[%emt 0:00:02]} 49. Ne3 {[%emt 0:00:03]} Qa1+ {[%emt 0:00:
01]} 50. Kg2 {[%emt 0:00:01]} Qa7 {[%emt 0:00:02]} 51. Nd5 {[%emt 0:00:02]} Qb7
{[%emt 0:00:02]} 52. Qf3 {[%emt 0:00:01]} Qd7 {[%emt 0:00:01]} 53. Qf4 {
[%emt 0:00:04]} Qc6 {[%emt 0:00:01]} 54. Qe4 {[%emt 0:00:02]} Qd7 {[%emt 0:00:
01]} 55. Qe7 {[%emt 0:00:02]} Qa4 {[%emt 0:00:02]} 56. Nf6+ {[%emt 0:00:02]}
1-0

[Event "GER-ch Blitz 2019"]
[Site "Magdeburg"]
[Date "2019.05.25"]
[Round "20.6"]
[White "Stern, Rene"]
[Black "Feuerstack, Aljoscha"]
[Result "0-1"]
[WhiteElo "2538"]
[BlackElo "2441"]
[Annotator "ChessBase"]
[PlyCount "42"]
[EventDate "2019.05.25"]
[EventType "tourn"]
[EventCountry "GER"]
[Tiebreak "Number of wins+Number of black wins"]
[SourceTitle "playchess.com"]
[Source "ChessBase"]
[SourceQuality "1"]
[TimeControl "180+2"]

1. Nf3 {[%emt 0:00:00]} d5 {[%emt 0:00:00]} 2. d4 {[%emt 0:00:00]} Nf6 {
[%emt 0:00:10]} 3. c4 {[%emt 0:00:00]} c6 {[%emt 0:00:00]} 4. Nbd2 {[%emt 0:00:
02]} Bf5 {[%emt 0:00:08]} 5. Nh4 {[%emt 0:00:01]} Be4 {[%emt 0:00:01]} 6. Qb3 {
[%emt 0:00:02]} Qc7 {[%emt 0:00:29]} 7. Nxe4 {[%emt 0:00:12]} Nxe4 {[%emt 0:00:
04]} 8. e3 {[%emt 0:00:16]} e6 {[%emt 0:00:06]} 9. Bd3 {[%emt 0:00:06]} Be7 {
[%emt 0:00:13]} 10. Nf3 {[%emt 0:00:02]} O-O {[%emt 0:00:01]} 11. O-O {[%emt 0:
00:04]} Nd7 {[%emt 0:00:02]} 12. Qc2 {[%emt 0:00:07]} f5 {[%emt 0:00:12]} 13.
b3 {[%emt 0:00:01]} g5 {[%emt 0:00:15]} 14. Bb2 {[%emt 0:00:03]} g4 {[%emt 0:
00:05]} 15. Ne5 {[%emt 0:00:11]} Bd6 {[%emt 0:00:32]} 16. f3 {[%emt 0:00:01]}
Nef6 {[%emt 0:00:21]} 17. fxg4 {[%emt 0:00:50]} Bxe5 {[%emt 0:00:05]} 18. dxe5
{[%emt 0:00:06]} Nxg4 {[%emt 0:00:01]} 19. cxd5 {[%emt 0:00:05]} Ndxe5 {
[%emt 0:00:11]} 20. dxe6 {[%emt 0:00:22]} Nxd3 {[%emt 0:00:05]} 21. Qxd3 {
[%emt 0:00:02]} Qxh2# 0-1

[Event "GER-ch Blitz 2019"]
[Site "Magdeburg"]
[Date "2019.05.25"]
[Round "20.7"]
[White "Wichmann, Cliff"]
[Black "Hirneise, Jens"]
[Result "1/2-1/2"]
[WhiteElo "2280"]
[BlackElo "2375"]
[Annotator "NA"]
[PlyCount "102"]
[EventDate "2019.05.25"]
[EventType "tourn"]
[EventCountry "GER"]
[Tiebreak "Number of wins+Number of black wins"]
[SourceTitle "playchess.com"]
[Source "ChessBase"]
[SourceQuality "1"]
[TimeControl "180+2"]

1. d4 {[%emt 0:00:00]} Nf6 {[%emt 0:00:00]} 2. c4 {[%emt 0:00:01]} g6 {[%emt 0:
00:00]} 3. Nc3 {[%emt 0:00:01]} Bg7 {[%emt 0:00:00]} 4. Nf3 {[%emt 0:00:01]}
O-O {[%emt 0:00:01]} 5. e4 {[%emt 0:00:01]} d6 {[%emt 0:00:01]} 6. Be2 {
[%emt 0:00:01]} e5 {[%emt 0:00:01]} 7. Be3 {[%emt 0:00:01]} Ng4 {[%emt 0:00:02]
} 8. Bg5 {[%emt 0:00:01]} f6 {[%emt 0:00:01]} 9. Bc1 {[%emt 0:00:01]} Nc6 {
[%emt 0:00:19]} 10. O-O {[%emt 0:00:02]} Nh6 {[%emt 0:00:16]} 11. dxe5 {
[%emt 0:00:08]} dxe5 {[%emt 0:00:13]} 12. Qxd8 {[%emt 0:00:04]} Nxd8 {[%emt 0:
00:08]} 13. Be3 {[%emt 0:00:15]} Ne6 {[%emt 0:00:06]} 14. Rad1 {[%emt 0:00:23]}
c6 {[%emt 0:00:11]} 15. h3 {[%emt 0:00:11]} Nf7 {[%emt 0:00:05]} 16. c5 {
[%emt 0:00:02]} Bh6 {[%emt 0:00:06]} 17. Bxh6 {[%emt 0:00:04]} Nxh6 {[%emt 0:
00:01]} 18. Bc4 {[%emt 0:00:01]} Kg7 {[%emt 0:00:09]} 19. b4 {[%emt 0:00:10]}
a5 {[%emt 0:00:02]} 20. a3 {[%emt 0:00:05]} Nf7 {[%emt 0:00:11]} 21. Rd2 {
[%emt 0:00:27]} axb4 {[%emt 0:00:20]} 22. axb4 {[%emt 0:00:02]} Ra3 {[%emt 0:
00:01]} 23. Rc1 {[%emt 0:00:09]} Rd8 {[%emt 0:00:15]} 24. Kf1 {[%emt 0:00:17]}
Rxd2 {[%emt 0:00:04]} 25. Nxd2 {[%emt 0:00:01]} Nd4 {[%emt 0:00:04]} 26. Bxf7 {
[%emt 0:00:17]} Kxf7 {[%emt 0:00:02]} 27. Nc4 {[%emt 0:00:03]} Ra8 {[%emt 0:00:
14]} 28. Nd6+ {[%emt 0:00:04]} Ke7 {[%emt 0:00:05]} 29. Ne2 {[%emt 0:00:14]}
Nxe2 {[%emt 0:00:23]} 30. Kxe2 {[%emt 0:00:02]} Bd7 {[%emt 0:00:01]} 31. Rb1 {
[%emt 0:00:09]} b5 {[%emt 0:00:12]} 32. Nb7 {[%emt 0:00:09]} Ra2+ {[%emt 0:00:
03]} 33. Ke3 {[%emt 0:00:01]} Ra3+ {[%emt 0:00:04]} 34. Ke2 {[%emt 0:00:03]}
Ra2+ {[%emt 0:00:01]} 35. Ke3 {[%emt 0:00:12]} Ra3+ {[%emt 0:00:19]} 36. Ke2 {
[%emt 0:00:01]} Ra2+ {[%emt 0:00:00]} 37. Kf1 {[%emt 0:00:01]} f5 {[%emt 0:00:
05]} 38. exf5 {[%emt 0:00:08]} gxf5 {[%emt 0:00:06]} 39. Re1 {[%emt 0:00:07]}
Kf6 {[%emt 0:00:03]} 40. Rd1 {[%emt 0:00:04]} Be6 {[%emt 0:00:01]} 41. Rd6 {
[%emt 0:00:02]} Ke7 {[%emt 0:00:03]} 42. Kg1 {[%emt 0:00:06]} Bd7 {[%emt 0:00:
02]} 43. Na5 {[%emt 0:00:01]} Rb2 {[%emt 0:00:01]} 44. Rh6 {[%emt 0:00:02]}
Rxb4 {[%emt 0:00:02]} 45. Rxh7+ {[%emt 0:00:01]} Ke8 {[%emt 0:00:01]} 46. Nb7 {
[%emt 0:00:03]} Rb1+ {[%emt 0:00:02]} 47. Kh2 {[%emt 0:00:01]} b4 {[%emt 0:00:
02]} 48. Rh8+ {[%emt 0:00:06]} Ke7 {[%emt 0:00:03]} 49. Rh7+ {[%emt 0:00:01]}
Ke8 {[%emt 0:00:00]} 50. Rh8+ {[%emt 0:00:05]} Ke7 {[%emt 0:00:01]} 51. Rh7+ {
[%emt 0:00:01]} Ke8 {[%emt 0:00:01]} 1/2-1/2